000 01319nam2a22002771 4500
001 rc\4233004
005 20250612023103.0
021 _aRU
_b[61-34437]
035 _a(NLR Aleph) 008465090
090 _a7893894
_c7893894
100 _a20130416d1961 |||y0rusy50 ca
101 0 _arus
102 _aRU
105 _aa z |||||
200 1 _aСанитарно-техническое строительство
_f[Науч. ред.: инженеры П.П. Жданов и др.]
210 _d1961
_aБ. м.
215 _a29 с.
_cил.
300 _aНа обл. загл.: Каталог новой строительной техники
461 0 _1001rc\4232998
_12001#$aАльбом-каталог новой строительной техники, рекомендуемой к внедрению$e[В 7 вып.]$eВып. 1-$vВып. 6
_97893860
_cМосква
_d1961
_nГосстройиздат
_o[В 7 вып.] : Вып. 1-
_tАльбом-каталог новой строительной техники, рекомендуемой к внедрению
_vВып. 6
512 0 _aКаталог новой строительной техники
702 1 _aЖданов
_bП.П.
_4340
801 0 _aRU
_bNLR
_gpsbo
801 1 _aRU
_bELAR
_2rusmarc
852 _aNLR
_jПт 80.4/82
942 _cBOOK
980 _aNB